25 Films par Citations #2 - Statistiques

Statistiques générales
  • Ce quiz a été pris 205 fois
    157 depuis la dernière actualisation
  • Le résultat moyen est 10 sur 25
Statistiques - réponses
Hint Réponse % Correct
"Je voudrais un bonhomme de neige" La Reine des Neiges
82%
"Je s'appelle Groot." Les Gardiens de la Galaxie
81%
"Jour ! Nuit ! Jour ! Nuit !" Les Visiteurs
77%
"Je m’appelle Maximus Decimus Meridius, commandant des armées du Nord, général des légions Félix…" Gladiator
75%
"Je n’ai jamais pu refuser quoi que ce soit d’une brune aux yeux marrons […]– Et si j’étais naine et myope ? – Eh bien je ne vous laisserais pas conduire, ça n’a pas de sens." OSS 117
70%
"Vendez-moi ce stylo." Le Loup de Wall Street
66%
"Dès que retentira la sirène, tout crime y compris celui d'homicide sera légal durant les 12 heures qui suivront." American Nightmare
63%
"La planète Arakis est tellement belle quand le soleil est bas. On peut alors voir sur le sable, les épices qui tourbillonnent au gré du vent." Dune
63%
"Ce qui se passe à Vegas… reste à Vegas." Very Bad Trip
61%
"Ce n’est pas la force du coup que tu donnes qui compte. C’est la force du coup que tu peux encaisser tout en continuant d’avancer." Rocky
46%
"Un jour, il a mangé le foie d’un agent du FBI, avec des fèves au beurre et un excellent chianti." Le Silence des Agneaux
42%
"Les ogres c'est comme les oignons." Shrek
39%
"Là où on va, on n'a pas besoin de route !" Retour vers le Futur
35%
"Dans l’espace, personne ne vous entend crier." Alien
34%
"Qu’est-ce qu’il y a dans ce paquet ?!" Seven
34%
"Yippee-ki-yay, pauvre con !" Die Hard
27%
"- Quatre, quatre peurs. - Aujourd’hui comme hier, je les affronte sans arrêt, on s’en débarrasse jamais." Divergente
25%
"Ouvre les portes du vaisseau, HAL." 2001: L'Odyssée de l'espace
23%
"Si vous avez quelque chose à dire agent Carter, c’est le moment de vous taire." Captain America: The First Avenger
20%
"Maintenant, je suis devenu la Mort, le destructeur des mondes" Oppenheimer
19%
"À bas la maudète grosse tite !" Alice au Pays des Merveilles
13%
"- Y a pas d'hélice hélas.- C'est là qu'est l'os !" La Grande Vadrouille
13%
"Toto, j'ai l'impression que nous ne sommes plus au Kansas." Le Magicien d'Oz
11%
"Monsieur, quand le doigt montre le ciel, l'imbécile regarde le doigt." Le fabuleux destin d'Amélie Poulain
7%
"Le pouvoir, c’est quand on a toute justification pour tuer... et qu’on ne le fait pas" La Liste de Schindler
1%
Aucun quiz correspondant
Distribution des résultats
% des personnes avec chaque résultat
Percentile par nombre de réponses
Votre historique - résultats
Vous n’avez pas pris ce quiz depuis la dernière actualisation